| 000 | 00766nam a22002297a 4500 | ||
|---|---|---|---|
| 005 | 20120509103456.0 | ||
| 008 | 120509t xxu||||| |||| 00| 0 eng d | ||
| 010 | _aENG-105227 | ||
| 020 |
_a9788184001891 _c250.00 |
||
| 035 | _aEN-88760 | ||
| 037 | _bDBAD/PUB | ||
| 040 |
_aDPL _bEng |
||
| 082 | _aN | ||
| 100 |
_946516 _aHanif, Mohammed |
||
| 245 |
_aA case of exploding mangoes / _cby Mohammed Hanif |
||
| 260 |
_aNoida _bRandom House Publishers _c2009 |
||
| 270 |
_aWindsor IT Park, 7th Floor, Tower-B, A-1, Sector-125 _bNoida _e201301 |
||
| 300 |
_a377p. _c20cm(pbk) |
||
| 700 | _946704 | ||
| 942 |
_2ddc _cEN _hN _mHAN |
||
| 999 |
_c66356 _d66356 |
||